Rapid interpretation of EKG's : (Record no. 4409)

000 -LEADER
fixed length control field 00712cam a2200205Ia 4500
003 - CONTROL NUMBER IDENTIFIER
control field OSt
005 - DATE AND TIME OF LATEST TRANSACTION
control field 20220323091709.0
008 - FIXED-LENGTH DATA ELEMENTS--GENERAL INFORMATION
fixed length control field 220323b ||||| |||| 00| 0 eng d
020 ## - INTERNATIONAL STANDARD BOOK NUMBER
International Standard Book Number 0912912014
040 ## - CATALOGING SOURCE
Transcribing agency ALUPE UNIVERSITY
050 ## - LIBRARY OF CONGRESS CALL NUMBER
Classification number RC683.5
Item number E5 D8 1989
100 1# - MAIN ENTRY--PERSONAL NAME
Personal name Dubin, Dale,
Dates associated with a name 1940-
Authority record control number or standard number http://id.loc.gov/authorities/names/n88169355
245 10 - TITLE STATEMENT
Title Rapid interpretation of EKG's :
Remainder of title a programmed course /
Statement of responsibility, etc. by Dale Dubin.
250 ## - EDITION STATEMENT
Edition statement 4th ed., rev. and updated.
260 ## - PUBLICATION, DISTRIBUTION, ETC.
Place of publication, distribution, etc. Tampa, Fla., U.S.A. :
Name of publisher, distributor, etc. Cover Pub. Co.,
Date of publication, distribution, etc. c1989.
300 ## - PHYSICAL DESCRIPTION
Extent xi, 311 p. :
Other physical details ill.
650 #2 - SUBJECT ADDED ENTRY--TOPICAL TERM
Topical term or geographic name entry element Electrocardiography.
Authority record control number or standard number https://id.nlm.nih.gov/mesh/D004562
655 #2 - INDEX TERM--GENRE/FORM
Authority record control number or standard number https://id.nlm.nih.gov/mesh/D020498
942 ## - ADDED ENTRY ELEMENTS (KOHA)
Source of classification or shelving scheme
Koha item type Book
Suppress in OPAC MM
Holdings
Withdrawn status Lost status Source of classification or shelving scheme Damaged status Not for loan Permanent Location Current Location Shelving location Date acquired Source of acquisition Total Checkouts Full call number Barcode Date last seen Price effective from Koha item type Public note
          AU LIBRARY AU LIBRARY Open Shelf 23.03.2022 DONATION FROM MOI UNIVERSITY   RC683.5 E5 D8 1989 28006078 23.03.2022 23.03.2022 Book MM

Powered by Koha